Alianza y condena / (Record no. 192013)
[ view plain ]
| 000 -LEADER | |
|---|---|
| campo de control de longitud fija | 01134nam a2200289 i 4500 |
| 001 - NÚMERO DE CONTROL | |
| campo de control | 192013 |
| 003 - IDENTIFICADOR DE NÚMERO DE CONTROL | |
| campo de control | ES-MaACL |
| 005 - FECHA Y HORA DE LA ÚLTIMA TRANSACCIÓN | |
| campo de control | 20240205144837.0 |
| 008 - DATOS DE LONGITUD FIJA--INFORMACIÓN GENERAL | |
| campo de control de longitud fija | 221031s2001 sp 000 1 spa c |
| 017 ## - NÚMERO DE COPYRIGHT O DE DEPÓSITO LEGAL | |
| Número de copyright o de depósito legal | S 425-2001 |
| Agencia que asigna | Oficina Depósito Legal Santander |
| 020 ## - NÚMERO INTERNACIONAL ESTÁNDAR DEL LIBRO | |
| Número Internacional Estándar del Libro | 8486876894 |
| 040 ## - FUENTE DE CATALOGACIÓN | |
| Centro/agencia transcriptor | ES-MaACL |
| 080 ## - NÚMERO DE LA CLASIFICACIÓN DECIMAL UNIVERSAL | |
| Número de la Clasificación Decimal Universal | 821.134.2-14"19" |
| 100 1# - ENTRADA PRINCIPAL--NOMBRE DE PERSONA | |
| Nombre de persona | Rodríguez, Claudio, |
| Fechas asociadas al nombre | 1934-1999 |
| Término indicativo de función/relación | Autor |
| 9 (RLIN) | 98224 |
| 245 10 - MENCIÓN DEL TÍTULO | |
| Título | Alianza y condena / |
| Mención de responsabilidad, etc. | Claudio Rodríguez ; edición crítica a cargo de Luis García Jambrina. |
| 246 ## - FORMA VARIANTE DEL TITULO | |
| Título propio/Titulo breve | Alianza y condena. |
| Resto del título | Facsímiles |
| 260 ## - PUBLICACIÓN, DISTRIBUCIÓN, ETC. | |
| Lugar de publicación, distribución, etc. | [Zamora] : |
| Nombre del editor, distribuidor, etc. | Diputación de Zamora, |
| Fecha de publicación, distribución, etc. | [2001] |
| 300 ## - DESCRIPCIÓN FÍSICA | |
| Extensión | 1 caja ; |
| Dimensiones | 33 cm |
| 504 ## - NOTA DE BIBLIOGRAFÍA, ETC. | |
| Nota de bibliografía, etc. | Bibliografía: páginas [35]-36 |
| 505 ## - NOTA DE CONTENIDO CON FORMATO | |
| Nota de contenido con formato | Contiene: [1 volumen]. Alianza y condena (174 páginas : ilustraciones) -- [1 carpeta]. Alianza y condena. Facsímiles (5 carpetas) |
| 700 1# - ENTRADA AGREGADA--NOMBRE PERSONAL | |
| Nombre de persona | García Jambrina, Luis, |
| Fechas asociadas al nombre | 1960- |
| Término indicativo de función/relación | Editor literario |
| 9 (RLIN) | 54794 |
| 710 2# - ENTRADA AGREGADA--NOMBRE DE ENTIDAD CORPORATIVA | |
| Nombre de entidad corporativa o nombre de jurisdicción como elemento de entrada | Diputación Provincial de Zamora. |
| 9 (RLIN) | 3396 |
| 852 4# - LOCALIZACIÓN | |
| Ubicación | ES-MaACL |
| Número de control de estantería | N-8184 |
| Ubicación en estantería | Depósito J |
| Donativo/Legado | Donación: Editorial |
| itemnumber | 199295 |
| 942 ## - ELEMENTOS DE ENTRADA SECUNDARIOS (KOHA) | |
| Tipo de ítem Koha | Libro impreso |
| Suprimir en OPAC | No |
| Estatus retirado | Estado de pérdida | Fuente del sistema de clasificación o colocación | Estado de daño | No para préstamo | Biblioteca de origen | Biblioteca actual | Ubicación en estantería | Fecha de adquisición | Fuente de adquisición | Total de préstamos | Signatura topográfica completa | Código de barras | Visto por última vez | Tipo de ítem Koha |
|---|---|---|---|---|---|---|---|---|---|---|---|---|---|---|
| Clasificación decimal universal | Biblioteca del Ateneo de Madrid | Biblioteca del Ateneo de Madrid | Depósito J | 31/10/2022 | Donación | N-8184 | 101206657 | 23/02/2023 | Libro impreso |
